000 00549nam a2200181 i 4500
001 78958
003 ES-MaACL
007 t|
008 041018s1916 sp ||||1| spa d
100 1 _aHeredia, José Francisco.
_962688
245 1 0 _aMemorias del Regente Heredia (de las Reales Audiencias de Caracas y México) /
_cJ.F. Heredia.
260 _aMadrid :
_bEditorial America,
_c1916.
300 _a301 p. ;
_c23 cm.
490 1 _aBiblioteca Ayacucho
830 0 _aBiblioteca Ayacucho
_9177888
852 _aES-MaACL
_jG-6082
999 _c78958
_d78958